000
00330 a2200157 4500
001
67894
020
_a
9788516060466
040
_c
Anchieta - Pituba
100
_a
Hermann, Rosana
240
1
0
_a
Presas na teia
_l
por
245
1
0
_a
Presas na teia
300
_a
87
362
0
_a
2008
650
4
_a
Literatura juvenil
942
_c
BK
999
_c
67894
_d
67894